000 00368nam a2200169Ia 4500
001 8312
003 GE_BSU
008 181216s||||||||xx |||||||||||||| ||und||
040 _cGE_BSU
245 4 _aThe Economist.№ 8898. 2014
245 _bAUGUST 2ND-TH
260 _bThe Economist
260 _c2014
300 _a70p;26cm.
653 _aThe Economist
942 _cCR
999 _c41643
_d41643